| 000 | 01100cam a2200385 4500 | ||
|---|---|---|---|
| 001 | 539 | ||
| 003 | DO-SdBPM | ||
| 005 | 20260528083520.0 | ||
| 007 | ta | ||
| 008 | 090603s2009 ck | |||| 000 0 spa | ||
| 015 | _a | ||
| 017 |
_a _b |
||
| 020 | _a9789587048179 | ||
| 035 | _a | ||
| 040 |
_aDO-SdBPM _bspa _cBPMSU _e rda |
||
| 041 | 1 |
_aspa _h |
|
| 080 | _a | ||
| 082 | 0 | 4 |
_a158.1 _bC222c 2009 _222 |
| 100 | 1 |
_aCanfield, Jack _d1944- _eautor _4aut. |
|
| 245 | 1 | 3 |
_aLa clave para vivir la ley de la atracción / _cJack Canfield, D.D. Watkins ; traducción, Gerardo Hernández Clark] _h |
| 246 | 1 | 8 | _a |
| 250 | _a | ||
| 264 |
_aColombia : _bAguilar, _c2009 |
||
| 300 |
_a147 páginas ; _c24 cm |
||
| 336 |
_atexto _btxt _2rdacontent |
||
| 337 |
_asin mediación _bn _2rdamedia |
||
| 338 |
_avolumen _bnc _0rdacarrier |
||
| 490 | 0 | _aFontanar | |
| 590 | _aInventariado, 2026/VM | ||
| 650 | 7 |
_aÉxito _xAspectos psicológicos _2 |
|
| 650 | 7 | _aHabilidades sociales | |
| 700 | 1 |
_aWatkins, D. D. _eautor _4 |
|
| 910 | _aVMateo V. Control de calidad BPMSU | ||
| 942 |
_2ddc _cBK |
||
| 999 |
_c11253 _d11253 |
||